00373nam a2200121Ia 4500003000400000005001700004008004100021040001800062041000800080100005400088245007300142260003600215OSt20260124115338.0211028s2017 xx 000 0 und d cAIMIT LIBRARY aeng aSequeira, Macquin Vishal; Dhananjaya, K.g1516079 aStudy on impact of sales promotion on buying behavior of customers / aMangalorebDhananjaya K.c2017